| 000 | 00628nam a2200157 a 4500 | ||
|---|---|---|---|
| 001 | 000027775 | ||
| 005 | 20200930031103.0 | ||
| 008 | 110404s1992 dr ad 000 0 spa d | ||
| 040 |
_aDO-SdBNP _bspa _cBNPHU |
||
| 245 | 0 | 0 |
_aPrimer diagnóstico de la situación de la protección radiológica en los centros médicos del Distrito Nacional. Santo Domingo, 1990 / _cCarlos Amoros Báez...[et. al ]. |
| 260 |
_aSanto Domingo : _bOrganización Panamericana de la Salud, _c1992. _fEditora Taller |
||
| 300 |
_a80 p. : _bil., gráf. ; _c28 cm. |
||
| 504 | _aBibliografía: p. 77 | ||
| 700 | 1 |
_aAmoros Báez, Carlos _954852 |
|
| 049 | _aBNPD | ||
| 999 |
_c27267 _d27267 |
||